The life of service: (Record no. 5709)

000 -LEADER
fixed length control field 00622nam a2200181 a 4500
001 - CONTROL NUMBER
control field :::00003451$&:&@@
003 - CONTROL NUMBER IDENTIFIER
control field OkBaRHE
005 - DATE AND TIME OF LATEST TRANSACTION
control field 20000607103305.0
008 - FIXED-LENGTH DATA ELEMENTS--GENERAL INFORMATION
fixed length control field s1918 j 000 0 eng u
040 ## - CATALOGING SOURCE
Transcribing agency
100 1# - MAIN ENTRY--PERSONAL NAME
Personal name Vance, James I.
245 14 - TITLE STATEMENT
Title The life of service:
Remainder of title some Christian doctrines from Paul's experience in the epistle to the Romans.
260 ## - PUBLICATION, DISTRIBUTION, ETC. (IMPRINT)
Place of publication, distribution, etc New York, NY., :
Name of publisher, distributor, etc Fleming H. Revell
Date of publication, distribution, etc c1918
300 ## - PHYSICAL DESCRIPTION
Extent 219 p. ;
Dimensions 19 cm.
650 ## - SUBJECT ADDED ENTRY--TOPICAL TERM
Topical term or geographic name as entry element Bible New Testament Romans
General subdivision Theology
942 ## - ADDED ENTRY ELEMENTS (KOHA)
Source of classification or shelving scheme
Koha item type Books
Copies
Copy number Date acquired Shelving location Lost status Price effective from Full call number Not for loan Source of classification or shelving scheme Withdrawn status Damaged status Date last seen Barcode Permanent Location Koha item type
12010-04-14General Stacks 2010-04-14BS 2665 .V3    2018-03-283451RHEMA Bible Training CollegeBooks